000 00860cab a2200289 4500
001 ABS55890
008 090401t1996 xxu||||| |||| 00| 0 eng d
035 _a(Sirsi) u19491
041 _aeng
245 _aAccommodation provided for employees
260 _c1996
350 _a0
490 _aFarm Tax Brief
_v11(8) August/September 1996, 62-64(3)
520 _aDiscusses the tax regulations governing the provision of accommodation for agricultural employees. Case law.
650 _aAGRICULTURAL EMPLOYEES
650 _aAGRICULTURAL PROPERTY RELIEFS
650 _aFARM WORKERS
650 _aFROST V FELTHAM
650 _aINHERITANCE TAX ACT 1984
650 _aTAXES ACT 1988
650 _aVERTIGAN V BRADY
650 _aWHITEFORD AND SONS V CIR
690 _aRURAL PRACTICE
690 _aTAXATION
942 _n0
948 _c04/03/1997
999 _c13016
_d13016